000 00203nam a2200097Ia 4500
008 190216s9999||||xx |||||||||||||| ||und||
100 _aCherukad
245 0 _aVishudha Nuna
260 _bNull
942 _cBK
999 _c24023
_d24023